Mistrzowie świata Formuły 1 na zdjęciach - Statystyki

Ogólne statystyki
  • Ten quiz został rozwiązany 18 razy
  • Średni wynik to 25 z 35
Statystyki odpowiedzi
Obrazkowy Hint Odpowiedź % Poprawnych
2005-2006 Fernando Alonso
100%
2025 Lando Norris
100%
2008, 2014-2015, 2017-2020 Lewis Hamilton
100%
2021-2024 Max Verstappen
100%
1994-1995, 2000-2004 Michael Schumacher
100%
2016 Nico Rosberg
100%
2010-2013 Sebastian Vettel
100%
1988, 1990-1991 Ayrton Senna
94%
2009 Jenson Button
88%
2007 Kimi Räikkönen
88%
1975, 1977, 1984 Niki Lauda
88%
1985-1986,1989, 1993 Alain Prost
76%
1998-1999 Mika Häkkinen
76%
1996 Damon Hill
71%
1997 Jacques Villeneuve
71%
1976 James Hunt
71%
1951, 1954-1957 Juan Manuel Fangio
71%
1981, 1983, 1987 Nelson Piquet
71%
1992 Nigel Mansell
71%
1952-1953 Alberto Ascari
65%
1972, 1974 Emerson Fittipaldi
65%
1969, 1971, 1973 Jackie Stewart
65%
1982 Keke Rosberg
65%
1950 Giuseppe Farina
59%
1962, 1968 Graham Hill
59%
1959-1960, 1966 Jack Brabham
53%
1963, 1965 Jim Clark
53%
1970 Jochen Rindt
53%
1979 Jody Scheckter
53%
1978 Mario Andretti
47%
1980 Alan Jones
41%
1967 Denny Hulme
41%
1964 John Surtees
41%
1958 Mike Hawthorn
41%
1961 Phil Hill
41%
Nie znaleziono quizów pasujących do podanych kryteriów
Rozkład punktacji
Procent ludzi z każdym wynikiem
Percentyl według liczby udzielonych odpowiedzi
Twoja historia wyników
Nie rozwiązałeś tego quizu